[Event "DEM U14w 2016"]
[Site "Willingen GER"]
[Date "2016.05.18"]
[Round "6"]
[White "Kung, Fanny"]
[Black "Flach, Helene"]
[Result "1/2-1/2"]
[Termination "normal"]
[Board "10"]
[WhiteElo "1472"]
[BlackElo "1822"]
[PlyCount "51"]
[WhiteFideId "12987689"]
[BlackFideId "12929735"]
[EventCountry "GER"]
[EventRounds "9"]
[EventType "swiss"]
[EventDate "2016.05.14"]

1. d4 d5 2. g3 e6 3. Nf3 Nf6 4. Bg2 Be7 5. O-O O-O 6. c3 Nbd7 7. e3 b6 8. Nbd2
Bb7 9. Qc2 c5 10. Re1 Rc8 11. Nb3 h6 12. Bd2 Ne4 13. Rad1 Qc7 14. Nc1 Ba6 15.
Nd3 Bxd3 16. Qxd3 c4 17. Qc2 b5 18. Bc1 a5 19. Nd2 f5 20. Nxe4 fxe4 21. Rf1
Rcd8 22. f3 exf3 23. Rxf3 Nf6 24. Rff1 Qb7 25. Rde1 Rde8 26. b3 1/2-1/2

[Event "DEM U14w 2016"]
[Site "Willingen GER"]
[Date "2016.05.18"]
[Round "6"]
[White "Müdder, Melanie"]
[Black "Eulitz, Charlotte"]
[Result "1-0"]
[Termination "normal"]
[Board "11"]
[WhiteElo "1527"]
[BlackElo "1513"]
[PlyCount "105"]
[WhiteFideId "12994103"]
[BlackFideId "12964654"]
[EventCountry "GER"]
[EventRounds "9"]
[EventType "swiss"]
[EventDate "2016.05.14"]

1. e4 e5 2. Nf3 Nc6 3. Bb5 a6 4. Ba4 Nf6 5. d4 exd4 6. O-O Be7 7. Re1 b5 8. Bb3
d6 9. Nxd4 Nxd4 10. Qxd4 c5 11. Qd3 c4 12. Bxc4 bxc4 13. Qxc4 O-O 14. Nc3 Be6
15. Qd3 Qd7 16. Bg5 Rfe8 17. Rad1 Ra7 18. Bf4 Rd8 19. Be3 Raa8 20. b3 Ng4 21.
Bb6 Rdb8 22. Na4 Qc6 23. Bd4 Ne5 24. Qg3 Bf6 25. f4 Ng6 26. Bxf6 gxf6 27. f5
Qxc2 28. fxe6 Qxa2 29. exf7+ Kxf7 30. Qxd6 Qxb3 31. Nc5 Qb6 32. Qd5+ Kg7 33.
Kh1 Re8 34. Rb1 Ne7 35. Ne6+ Kg6 36. Rxb6 Nxd5 37. exd5 Ra7 38. Nf4+ Kf7 39.
Rxe8 Kxe8 40. d6 a5 41. Nd5 Kf7 42. Rc6 Rd7 43. Nb6 Rd8 44. Rc7+ Ke8 45. d7+
Ke7 46. Ra7 Rb8 47. Nc8+ Kd8 48. h3 a4 49. Nd6 Ke7 50. Nf5+ Kd8 51. Nd4 Rb1+
52. Kh2 Ra1 53. Nc6# 1-0

[Event "DEM U14w 2016"]
[Site "Willingen GER"]
[Date "2016.05.18"]
[Round "6"]
[White "Truong, Lisa"]
[Black "Albert, Eske"]
[Result "1-0"]
[Termination "normal"]
[Board "12"]
[WhiteElo "1655"]
[BlackElo "1166"]
[PlyCount "157"]
[WhiteFideId "12983462"]
[BlackFideId "12991813"]
[EventCountry "GER"]
[EventRounds "9"]
[EventType "swiss"]
[EventDate "2016.05.14"]

1. d4 d5 2. c4 e6 3. Nc3 c6 4. cxd5 exd5 5. Nf3 Nf6 6. Bg5 Bg4 7. Ne5 Be7 8.
Bxf6 Bxf6 9. Nxg4 Be7 10. Ne5 O-O 11. e3 Re8 12. Bd3 f6 13. Nf3 Nd7 14. Qc2 Nf8
15. O-O Qd6 16. Rfc1 Kh8 17. a3 Qe6 18. Bf5 Qg8 19. Na4 Rab8 20. Nc5 Red8 21.
b4 Rd6 22. Rab1 a6 23. a4 Qf7 24. b5 axb5 25. axb5 Qe8 26. b6 Bd8 27. Rb4 Qf7
28. Qa2 g6 29. Bd3 Nd7 30. Rcb1 Kg7 31. Nd2 f5 32. Nxd7 Qxd7 33. Nb3 Qc8 34.
Nc5 Ra8 35. Ra4 Rb8 36. Ra7 Kg8 37. Qe2 Rf6 38. Qf3 Rf7 39. Qf4 Be7 40. Qc7
Bxc5 41. Qxc8+ Rxc8 42. dxc5 Kf8 43. h3 Rd8 44. f3 Re8 45. Kf2 Kg7 46. Rb3 g5
47. g4 fxg4 48. hxg4 Ref8 49. Bf5 h5 50. Rba3 hxg4 51. Bxg4 Rb8 52. Ra8 Rff8
53. Rxb8 Rxb8 54. Ra7 Kf6 55. Ra1 Ke5 56. Rd1 Rf8 57. Kg3 Kf6 58. Rf1 Ke5 59.
f4+ gxf4+ 60. Rxf4 Rg8 61. Rf7 Rb8 62. Re7+ Kf6 63. Rc7 Ke5 64. Re7+ Kf6 65.
Re6+ Kf7 66. Kf4 Rd8 67. Ke5 d4 68. Rd6 Rxd6 69. Kxd6 dxe3 70. Kc7 Ke7 71. Kxb7
Kd8 72. Kxc6 e2 73. Bxe2 Kc8 74. Bg4+ Kb8 75. b7 Ka7 76. Kc7 Ka6 77. b8=Q Ka5
78. Bd1 Ka6 79. Qb6# 1-0

[Event "DEM U14w 2016"]
[Site "Willingen GER"]
[Date "2016.05.18"]
[Round "6"]
[White "Kukulina, Sonja"]
[Black "Du, Jessica"]
[Result "1-0"]
[Termination "normal"]
[Board "13"]
[WhiteElo "1579"]
[BlackElo "1520"]
[PlyCount "111"]
[WhiteFideId "12977047"]
[BlackFideId "12988529"]
[EventCountry "GER"]
[EventRounds "9"]
[EventType "swiss"]
[EventDate "2016.05.14"]

1. e4 e5 2. Nf3 Nf6 3. d4 Nxe4 4. Bd3 d5 5. dxe5 Nc5 6. Be2 Be7 7. Nc3 Be6 8.
Be3 O-O 9. O-O f6 10. exf6 Rxf6 11. Bg5 Rg6 12. Bxe7 Qxe7 13. Nxd5 Qd6 14. Ne3
Qe7 15. Re1 Nc6 16. Bc4 Rd8 17. Bxe6+ Qxe6 18. Qe2 Qe7 19. Nf5 Qf7 20. Ne7+
Qxe7 21. Qxe7 Nxe7 22. Rxe7 Rd7 23. Re8+ Kf7 24. Ra8 Ra6 25. Ne5+ Ke7 26. Nxd7
Kxd7 27. Rd1+ Ke7 28. a3 Kf7 29. Rad8 Rc6 30. R8d4 Ne6 31. Rd7+ Kg6 32. c3 Nc5
33. R7d4 Ne6 34. Re4 Kf6 35. Rf1 Rb6 36. Re2 Nf4 37. Rd2 Ne6 38. f4 g6 39. g4
Rb5 40. b4 h6 41. c4 Rb6 42. f5 Ng5 43. fxg6+ Kxg6 44. Kg2 Rc6 45. c5 Ne4 46.
Rd4 Ng5 47. h4 Ne6 48. Rd5 Ra6 49. h5+ Kg7 50. Rd7+ Kg8 51. Rf6 Nxc5 52. Rxa6
Nxa6 53. b5 Nc5 54. Rxc7 b6 55. Rxa7 Kf8 56. Rh7 1-0

[Event "DEM U14w 2016"]
[Site "Willingen GER"]
[Date "2016.05.18"]
[Round "6"]
[White "Mundt, Alexandra"]
[Black "Mirschel, Alina"]
[Result "1-0"]
[Termination "normal"]
[Board "14"]
[WhiteElo "1259"]
[BlackElo "1008"]
[PlyCount "121"]
[WhiteFideId "16217276"]
[BlackFideId "12997048"]
[EventCountry "GER"]
[EventRounds "9"]
[EventType "swiss"]
[EventDate "2016.05.14"]

1. e4 e5 2. Nf3 Nc6 3. d4 Nf6 4. Nc3 Bb4 5. d5 Ne7 6. Bd2 d6 7. Bd3 O-O 8. O-O
c6 9. dxc6 bxc6 10. Ne2 Bc5 11. Ng3 Rb8 12. b3 Bg4 13. h3 Be6 14. Qe2 d5 15.
exd5 Qxd5 16. Qxe5 Qxe5 17. Nxe5 Bd4 18. Rae1 Bb6 19. Nc4 Ng6 20. Nxb6 axb6 21.
Ne4 c5 22. Nxf6+ gxf6 23. Re3 Rfd8 24. Rg3 b5 25. Bc3 Kg7 26. f4 c4 27. Be4 b4
28. Ba1 cxb3 29. cxb3 Rd2 30. Bb1 Kf8 31. f5 Bd7 32. fxg6 fxg6 33. Rxf6+ Ke7
34. Re3+ Kd8 35. Rf8+ Kc7 36. Be5+ Kb7 37. Rxb8+ Kc6 38. Rf8 Rd1+ 39. Rf1 Rxf1+
40. Kxf1 Kd5 41. Bg7 Bc6 42. Be4+ Kc5 43. Bxc6 Kxc6 44. Re5 Kd6 45. Ke2 Kd7 46.
Kd3 Kd6 47. Kd4 h5 48. h4 g5 49. hxg5 h4 50. Bf6 Kc6 51. Rd5 Kc7 52. Kc5 h3 53.
gxh3 Kb7 54. Rd6 Kc7 55. g6 Kb7 56. Rc6 Ka7 57. Kb5 Kb7 58. g7 Ka7 59. Rb6 Ka8
60. g8=Q+ Ka7 61. Qb8# 1-0

[Event "DEM U14w 2016"]
[Site "Willingen GER"]
[Date "2016.05.18"]
[Round "6"]
[White "Bünte, Kirsten"]
[Black "Huppert, Anna"]
[Result "1-0"]
[Termination "normal"]
[Board "15"]
[WhiteElo "1453"]
[BlackElo "1029"]
[PlyCount "145"]
[WhiteFideId "16200535"]
[BlackFideId "16214439"]
[EventCountry "GER"]
[EventRounds "9"]
[EventType "swiss"]
[EventDate "2016.05.14"]

1. d4 Nf6 2. Nf3 e6 3. Bg5 d5 4. e3 b6 5. c4 Bb7 6. Nc3 Bb4 7. a3 Bxc3+ 8. bxc3
Nbd7 9. Be2 h6 10. Bh4 Qc8 11. Bg3 Ne4 12. Rc1 Nxg3 13. hxg3 c5 14. O-O O-O 15.
Nd2 Qc6 16. Bf3 e5 17. Bxd5 Qc7 18. Nb3 b5 19. Bxb7 Qxb7 20. cxb5 c4 21. Nd2
Qxb5 22. Rb1 Qa6 23. Qc1 Nf6 24. Rb4 Rac8 25. Qb2 Ng4 26. Re1 exd4 27. exd4
Rfe8 28. Rxe8+ Rxe8 29. Rb8 Qe6 30. Rxe8+ Qxe8 31. Nf3 Qa4 32. Qc1 f6 33. Nh2
Nxh2 34. Kxh2 g5 35. g4 Kg7 36. f3 Qd7 37. Qb2 f5 38. gxf5 Qxf5 39. Qb7+ Kg6
40. Qe4 a5 41. Qxf5+ Kxf5 42. g3 h5 43. Kh3 h4 44. a4 hxg3 45. Kxg3 Kf6 46. Kg4
Kg6 47. f4 gxf4 48. Kxf4 Kf6 49. Ke4 Ke6 50. d5+ Kd6 51. Kd4 Kd7 52. Kxc4 Kd6
53. Kd4 Kd7 54. c4 Kd6 55. c5+ Kd7 56. Ke5 Ke7 57. c6 Kd8 58. d6 Ke8 59. Ke6
Kd8 60. d7 Kc7 61. Ke7 Kxc6 62. d8=Q Kc5 63. Qd6+ Kc4 64. Ke6 Kb3 65. Qd4 Kc2
66. Qe3 Kd1 67. Qf2 Kc1 68. Qe2 Kb1 69. Qd2 Ka1 70. Kd5 Kb1 71. Kc4 Ka1 72. Kb3
Kb1 73. Qd1# 1-0

[Event "DEM U14w 2016"]
[Site "Willingen GER"]
[Date "2016.05.19"]
[Round "7"]
[White "Schneider, Jana"]
[Black "Mönster, Madita"]
[Result "1-0"]
[Termination "normal"]
[Board "1"]
[WhiteElo "2117"]
[BlackElo "1738"]
[WhiteClock "00:47:17"]
[BlackClock "00:03:57"]
[PlyCount "83"]
[WhiteFideId "12924997"]
[BlackFideId "12947156"]
[EventCountry "GER"]
[EventRounds "9"]
[EventType "swiss"]
[EventDate "2016.05.14"]

1. e4 c5 2. Nf3 Nf6 3. e5 Nd5 4. Nc3 Nb4 5. g3 d6 6. exd6 exd6 7. Bg2 Qe7+ 8.
Ne2 Bf5 9. d3 c4 10. O-O cxd3 11. cxd3 Qd7 12. Nf4 Be7 13. Nd4 Bg6 14. h4 N8c6
15. Bh3 Qd8 16. Nxc6 Nxc6 17. h5 Ne5 18. Re1 Bxh5 19. Qxh5 g6 20. Qe2 O-O 21.
Nd5 Re8 22. Bf4 Bf8 23. d4 Nc6 24. Qxe8 Qxe8 25. Rxe8 Rxe8 26. Nf6+ Kh8 27.
Nxe8 Nxd4 28. Bxd6 Bxd6 29. Nxd6 b6 30. Rd1 Nf3+ 31. Kg2 Ne5 32. f4 Nc6 33.
Nxf7+ Kg8 34. Rd7 Na5 35. Rxa7 Nc6 36. Nh6+ Kh8 37. Rc7 Nb4 38. g4 Nd5 39. Rc8+
Kg7 40. g5 Ne7 41. Re8 Nf5 42. Rg8# 1-0

[Event "DEM U14w 2016"]
[Site "Willingen GER"]
[Date "2016.05.19"]
[Round "7"]
[White "Schulze, Lara"]
[Black "Mütsch, Annmarie"]
[Result "1/2-1/2"]
[Termination "normal"]
[Board "2"]
[WhiteElo "2041"]
[BlackElo "1984"]
[WhiteClock "00:07:45"]
[BlackClock "00:06:17"]
[PlyCount "63"]
[WhiteFideId "12956830"]
[BlackFideId "12971367"]
[EventCountry "GER"]
[EventRounds "9"]
[EventType "swiss"]
[EventDate "2016.05.14"]

1. e4 c5 2. Nf3 Nc6 3. Bb5 g6 4. Bxc6 dxc6 5. d3 Bg7 6. h3 Nf6 7. Nc3 O-O 8.
Be3 b6 9. Qd2 e5 10. Nxe5 Nxe4 11. Nxc6 Nxd2 12. Nxd8 Nc4 13. dxc4 Rxd8 14. O-O
Be6 15. Rfd1 Bxc4 16. a4 Bf6 17. a5 Rxd1+ 18. Rxd1 Rd8 19. Rxd8+ Bxd8 20. axb6
axb6 21. Ne4 Be6 22. Bg5 Bxg5 23. Nxg5 Bd5 24. h4 Kg7 25. f3 h6 26. Nh3 Kf6 27.
Kf2 g5 28. hxg5+ hxg5 29. Ke3 Kf5 30. Nf2 Ke6 31. g4 f5 32. gxf5+ 1/2-1/2

[Event "DEM U14w 2016"]
[Site "Willingen GER"]
[Date "2016.05.19"]
[Round "7"]
[White "Geletzke, Hannah"]
[Black "Voß, Henrike"]
[Result "1/2-1/2"]
[Termination "normal"]
[Board "4"]
[WhiteElo "1503"]
[BlackElo "1461"]
[WhiteClock "00:21:05"]
[BlackClock "00:18:13"]
[PlyCount "94"]
[WhiteFideId "12983330"]
[BlackFideId "12971910"]
[EventCountry "GER"]
[EventRounds "9"]
[EventType "swiss"]
[EventDate "2016.05.14"]

1. e4 e5 2. Nf3 Nc6 3. Bc4 Bc5 4. c3 Nf6 5. d3 a6 6. Nbd2 d6 7. Bb3 Ba7 8. Nf1
h6 9. h3 Ne7 10. Ng3 Ng6 11. Be3 O-O 12. O-O Nh7 13. d4 Ng5 14. Nxg5 hxg5 15.
Qf3 Nf4 16. dxe5 dxe5 17. Bxa7 Rxa7 18. Rad1 Qf6 19. Nh5 Qg6 20. Nxf4 exf4 21.
Rd3 b5 22. Rfd1 Bb7 23. Bd5 c6 24. Bb3 c5 25. Bd5 c4 26. Rd4 Bc8 27. e5 Re7 28.
Be4 Bf5 29. Bxf5 Qxf5 30. Qc6 Re6 31. Qe4 Qxe5 32. Qxe5 Rxe5 33. Rd6 Re2 34.
R6d2 Rfe8 35. Kf1 Rxd2 36. Rxd2 Re6 37. Rd4 f6 38. a4 Kf7 39. axb5 axb5 40. Rd5
Re5 41. Rd7+ Kg6 42. Rb7 Kh6 43. Rb6 Kh5 44. Rb7 Kg6 45. f3 Rd5 46. Ke2 Re5+
47. Kf2 Rd5 1/2-1/2

[Event "DEM U14w 2016"]
[Site "Willingen GER"]
[Date "2016.05.19"]
[Round "7"]
[White "Weimert, Miriam"]
[Black "Könze, Heike"]
[Result "0-1"]
[Termination "normal"]
[Board "5"]
[WhiteElo "1761"]
[BlackElo "1728"]
[WhiteClock "00:12:51"]
[BlackClock "00:36:02"]
[PlyCount "120"]
[WhiteFideId "12966703"]
[BlackFideId "12964476"]
[EventCountry "GER"]
[EventRounds "9"]
[EventType "swiss"]
[EventDate "2016.05.14"]

1. Nf3 e6 2. c4 Nf6 3. g3 b6 4. Bg2 Bb7 5. O-O Be7 6. b3 d6 7. Bb2 O-O 8. d3
Nbd7 9. Nbd2 c5 10. Qc2 Qc7 11. Rac1 Rac8 12. Rfd1 Rfd8 13. a3 Qb8 14. Qb1 Nf8
15. Rc2 Ng6 16. Rdc1 d5 17. cxd5 Bxd5 18. Nc4 b5 19. Ncd2 Nd7 20. Qa1 f6 21. d4
Qa8 22. Ne1 Bxg2 23. Nxg2 Nb6 24. Nf3 c4 25. Qa2 cxb3 26. Qxb3 Qd5 27. Qxd5
exd5 28. Rxc8 Rxc8 29. Rxc8+ Nxc8 30. Ne3 Nb6 31. Kf1 a5 32. Nd2 b4 33. axb4
Bxb4 34. Nb3 a4 35. Nc2 Bc3 36. Bxc3 axb3 37. Na3 Na4 38. Bb4 Nf8 39. Ke1 Ne6
40. e3 Kf7 41. Nb1 Ng5 42. Ke2 Ke8 43. Nc3 Nxc3+ 44. Bxc3 Kd7 45. Kd3 Kc6 46.
Bb2 Kb5 47. Ke2 Kb4 48. Kd3 Ne4 49. f3 Nd6 50. e4 Nc4 51. Bc3+ Ka3 52. exd5 Nd6
53. g4 b2 54. Bxb2+ Kxb2 55. h4 Kb3 56. f4 g6 57. f5 gxf5 58. gxf5 h5 59. Ke3
Kc3 60. Kf4 Kxd4 0-1

[Event "DEM U14w 2016"]
[Site "Willingen GER"]
[Date "2016.05.19"]
[Round "7"]
[White "Wong, Kar Yan"]
[Black "Müdder, Melanie"]
[Result "0-1"]
[Termination "normal"]
[Board "6"]
[WhiteElo "1515"]
[BlackElo "1527"]
[WhiteClock "00:12:49"]
[BlackClock "00:11:43"]
[PlyCount "116"]
[WhiteFideId "12971855"]
[BlackFideId "12994103"]
[EventCountry "GER"]
[EventRounds "9"]
[EventType "swiss"]
[EventDate "2016.05.14"]

1. e4 c5 2. Nf3 Nc6 3. d4 cxd4 4. Nxd4 g6 5. Nc3 Bg7 6. Be3 Nf6 7. Bc4 O-O 8.
Bb3 a5 9. a4 d6 10. f3 Nb4 11. Qd2 d5 12. exd5 Nfxd5 13. Nxd5 Nxd5 14. Bh6 e5
15. Bxg7 Kxg7 16. O-O-O Nf4 17. Nb5 Qg5 18. g3 Nh3 19. Qxg5 Nxg5 20. Rhf1 Bh3
21. Rf2 e4 22. fxe4 Nxe4 23. Rf4 Nf6 24. Rfd4 Bg4 25. R1d2 Rae8 26. c3 Re1+ 27.
Bd1 Ne4 28. R2d3 Nf2 29. Rd2 Nxd1 30. Rxd1 Rxd1+ 31. Rxd1 Bxd1 32. Kxd1 Rd8+
33. Nd4 f5 34. Ke2 Kf6 35. Kf3 g5 36. h3 h5 37. g4 fxg4+ 38. hxg4 h4 39. Ne2
Ke5 40. Ke3 Rd1 41. b4 axb4 42. cxb4 Ra1 43. a5 Rb1 44. Kd2 Rxb4 45. Nc1 Rxg4
46. Nd3+ Kd6 47. Ke3 Rg3+ 48. Ke4 h3 49. Nf2 h2 50. Kd4 Kc6 51. Ke4 Rg2 52. Nh1
Rg1 53. Nf2 h1=Q+ 54. Nxh1 Rxh1 55. Kf5 Rf1+ 56. Kxg5 Kb5 57. Kg4 Kxa5 58. Kg3
b5 0-1

[Event "DEM U14w 2016"]
[Site "Willingen GER"]
[Date "2016.05.19"]
[Round "7"]
[White "Reitz, Theresa"]
[Black "Bui, Ngoc Han Julia"]
[Result "1-0"]
[Termination "normal"]
[Board "7"]
[WhiteElo "1629"]
[BlackElo "1735"]
[PlyCount "69"]
[WhiteFideId "12971901"]
[BlackFideId "12977055"]
[EventCountry "GER"]
[EventRounds "9"]
[EventType "swiss"]
[EventDate "2016.05.14"]

1. d4 Nf6 2. Nf3 d5 3. b4 g6 4. Nbd2 Qd6 5. Rb1 Bg7 6. e3 a5 7. b5 Bf5 8. a4
Nbd7 9. Ra1 c5 10. bxc6 bxc6 11. Ba3 Qc7 12. Nb3 Ne4 13. c4 Nb6 14. Nc5 Nxc5
15. Bxc5 dxc4 16. Rc1 O-O 17. Bxc4 Nxc4 18. Rxc4 Rfd8 19. Qe2 Rab8 20. O-O Bc8
21. Rc3 Be6 22. Qc2 Qb7 23. Nd2 Qb2 24. Bxe7 Rd7 25. Ba3 Qxc2 26. Rxc2 Bb3 27.
Rb2 Rdb7 28. Rfb1 c5 29. Rxb3 Rxb3 30. Rxb3 Rxb3 31. Nxb3 c4 32. Nxa5 c3 33.
Nb3 f5 34. a5 c2 35. a6 1-0

[Event "DEM U14w 2016"]
[Site "Willingen GER"]
[Date "2016.05.19"]
[Round "7"]
[White "Kublanov, Elizabeth"]
[Black "Truong, Lisa"]
[Result "0-1"]
[Termination "normal"]
[Board "8"]
[WhiteElo "1462"]
[BlackElo "1655"]
[PlyCount "116"]
[WhiteFideId "12944564"]
[BlackFideId "12983462"]
[EventCountry "GER"]
[EventRounds "9"]
[EventType "swiss"]
[EventDate "2016.05.14"]

1. d4 Nf6 2. Nf3 d5 3. c4 e6 4. Nc3 Nbd7 5. Bg5 c6 6. e3 Qa5 7. Qc2 Bb4 8. Bd3
dxc4 9. Bxc4 Ne4 10. O-O Nxg5 11. Nxg5 Qxg5 12. f4 Qg6 13. Bd3 Qf6 14. Ne4 Qd8
15. Rf3 Nf6 16. Rg3 Nxe4 17. Bxe4 g6 18. Rd1 Be7 19. Qc3 O-O 20. Bd3 Bf6 21.
Bc2 Qb6 22. b3 Rd8 23. Kh1 a5 24. a4 Qb4 25. Qxb4 axb4 26. Kg1 Bh4 27. Rh3 Be7
28. Rg3 Kh8 29. e4 c5 30. Rgd3 cxd4 31. Kh1 Bc5 32. Bb1 b6 33. Bc2 Bb7 34. R3d2
f5 35. e5 Be4 36. h3 Ra7 37. Kh2 Rad7 38. Bd3 Ra8 39. Kh1 Bd5 40. Bc2 b5 41.
axb5 Ra3 42. Rb1 Ra2 43. Rbd1 Rb2 44. Rc1 Bb6 45. Rb1 Rxb1+ 46. Bxb1 Be4 47.
Bd3 Bxd3 48. Rxd3 Rc7 49. Rd1 Rc3 50. Rb1 d3 51. Rd1 Be3 52. g3 Rc1 53. Rxc1
Bxc1 54. Kh2 d2 55. b6 d1=Q 56. b7 Qd8 57. b8=Q Qxb8 58. h4 Qb5 0-1

[Event "DEM U14w 2016"]
[Site "Willingen GER"]
[Date "2016.05.19"]
[Round "7"]
[White "Wastian, Mareike"]
[Black "Abele, Anais"]
[Result "1/2-1/2"]
[Termination "normal"]
[Board "9"]
[WhiteElo "1612"]
[BlackElo "1560"]
[PlyCount "47"]
[WhiteFideId "12947423"]
[BlackFideId "16208927"]
[EventCountry "GER"]
[EventRounds "9"]
[EventType "swiss"]
[EventDate "2016.05.14"]

1. e4 c5 2. d4 cxd4 3. c3 dxc3 4. Nxc3 Nc6 5. Nf3 d6 6. Bc4 a6 7. O-O Nf6 8. e5
dxe5 9. Qxd8+ Nxd8 10. Nxe5 e6 11. Rd1 Be7 12. Bf4 O-O 13. Rac1 Nh5 14. Be3 Bf6
15. Nd7 Bxd7 16. Rxd7 Bxc3 17. Rxc3 Nf6 18. Rd1 Nc6 19. Rc2 Rad8 20. Rcd2 Rxd2
21. Rxd2 Ne5 22. Bb3 h6 23. Rd6 Nc6 24. Bb6 1/2-1/2

[Event "DEM U14w 2016"]
[Site "Willingen GER"]
[Date "2016.05.19"]
[Round "7"]
[White "Rosenhain, Rachela"]
[Black "Garbuz, Nicole"]
[Result "1-0"]
[Termination "normal"]
[Board "10"]
[WhiteElo "1877"]
[BlackElo "1618"]
[PlyCount "101"]
[WhiteFideId "12957615"]
[BlackFideId "12990701"]
[EventCountry "GER"]
[EventRounds "9"]
[EventType "swiss"]
[EventDate "2016.05.14"]

1. d4 d5 2. c4 e6 3. Nc3 Nf6 4. cxd5 exd5 5. Bg5 Be7 6. Nf3 O-O 7. e3 h6 8. Bh4
Re8 9. Bd3 Nbd7 10. O-O c6 11. h3 Ne4 12. Bxe7 Qxe7 13. Qc2 Ndf6 14. Nd2 Bf5
15. Ndxe4 Bxe4 16. Nxe4 Nxe4 17. Bxe4 Qxe4 18. Qxe4 Rxe4 19. b4 f5 20. Rfd1 f4
21. exf4 Rxf4 22. f3 Re8 23. Rd2 Re6 24. Rb1 a6 25. a4 Kf8 26. Kf2 Ke8 27. g3
Rf5 28. Re2 Rff6 29. Rbe1 Rxe2+ 30. Rxe2+ Kd7 31. Re5 Kd6 32. a5 Rf7 33. f4 Kd7
34. Kf3 Re7 35. Rxe7+ Kxe7 36. f5 Kf6 37. Kf4 g6 38. fxg6 Kxg6 39. g4 Kf6 40.
h4 Ke6 41. g5 h5 42. g6 Kf6 43. g7 Kxg7 44. Ke5 Kg6 45. Ke6 Kh6 46. Kd7 Kg6 47.
Kc7 Kf5 48. Kxb7 Ke4 49. Kxa6 Kxd4 50. Kb6 Kc3 51. a6 1-0

[Event "DEM U14w 2016"]
[Site "Willingen GER"]
[Date "2016.05.19"]
[Round "7"]
[White "Flach, Helene"]
[Black "Kukulina, Sonja"]
[Result "1/2-1/2"]
[Termination "normal"]
[Board "11"]
[WhiteElo "1822"]
[BlackElo "1579"]
[PlyCount "111"]
[WhiteFideId "12929735"]
[BlackFideId "12977047"]
[EventCountry "GER"]
[EventRounds "9"]
[EventType "swiss"]
[EventDate "2016.05.14"]

1. e4 e5 2. Nf3 Nc6 3. Bb5 a6 4. Ba4 d6 5. c3 Nf6 6. d4 Bg4 7. d5 b5 8. Bc2 Na7
9. a4 c6 10. dxc6 Nxc6 11. axb5 axb5 12. Rxa8 Qxa8 13. h3 Be6 14. Nbd2 Be7 15.
O-O O-O 16. Re1 Rc8 17. Ng5 h6 18. Nxe6 fxe6 19. Bb3 Kf7 20. Bc2 Rd8 21. Nf3
Qb8 22. b3 d5 23. exd5 exd5 24. Qe2 Bd6 25. Nh4 b4 26. c4 Nd4 27. Bg6+ Kf8 28.
Qd3 dxc4 29. Qxc4 Qc7 30. Bd3 Qxc4 31. Bxc4 Nd7 32. f4 Ke7 33. fxe5 Nxe5 34.
Ng6+ Kf6 35. Nxe5 Bxe5 36. Rf1+ Ke7 37. Be3 Bf6 38. Bf4 Ra8 39. Re1+ Kd7 40.
Rd1 Kc6 41. Rc1 g5 42. Bd2 Be7 43. Be3 Bc5 44. Bf2 Ra3 45. Kf1 Kb6 46. Bd5 Nxb3
47. Bxb3 Bxf2 48. Bd5 Bc5 49. Ke2 Rc3 50. Rxc3 bxc3 51. Kd3 Bb4 52. Kc2 Kc5 53.
Bf3 Kd4 54. Bb7 h5 55. Bf3 h4 56. Bb7 1/2-1/2

[Event "DEM U14w 2016"]
[Site "Willingen GER"]
[Date "2016.05.19"]
[Round "7"]
[White "Mundt, Alexandra"]
[Black "Albert, Eske"]
[Result "1/2-1/2"]
[Termination "normal"]
[Board "13"]
[WhiteElo "1259"]
[BlackElo "1166"]
[PlyCount "55"]
[WhiteFideId "16217276"]
[BlackFideId "12991813"]
[EventCountry "GER"]
[EventRounds "9"]
[EventType "swiss"]
[EventDate "2016.05.14"]

1. e4 e5 2. Nf3 Nc6 3. d4 exd4 4. Nxd4 Bc5 5. Be3 Qf6 6. c3 Nge7 7. Be2 O-O 8.
O-O d6 9. Nxc6 Nxc6 10. Bxc5 dxc5 11. Qd5 Qd6 12. Rd1 Rd8 13. Qh5 Qe7 14. Rxd8+
Nxd8 15. Bd3 h6 16. Na3 Be6 17. c4 a6 18. Re1 Nc6 19. Re3 Qf6 20. Rg3 Ne5 21.
Bf1 Rd8 22. Qe2 g6 23. Qe3 Ng4 24. Qe2 Qf4 25. Qf3 Qxf3 26. Rxf3 Rd2 27. Rb3 b6
28. f3 1/2-1/2

[Event "DEM U14w 2016"]
[Site "Willingen GER"]
[Date "2016.05.19"]
[Round "7"]
[White "Mirschel, Alina"]
[Black "Bünte, Kirsten"]
[Result "0-1"]
[Termination "normal"]
[Board "14"]
[WhiteElo "1008"]
[BlackElo "1453"]
[PlyCount "128"]
[WhiteFideId "12997048"]
[BlackFideId "16200535"]
[EventCountry "GER"]
[EventRounds "9"]
[EventType "swiss"]
[EventDate "2016.05.14"]

1. e4 c6 2. d4 d5 3. e5 Bf5 4. Nf3 e6 5. Bd3 Bg6 6. Nbd2 c5 7. Bb5+ Nc6 8. c3
a6 9. Ba4 b5 10. Bc2 Qb6 11. a4 cxd4 12. axb5 dxc3 13. bxc3 Bxc2 14. Qxc2 Qxb5
15. Rb1 Qa5 16. O-O Nge7 17. c4 Nb4 18. Qc3 Nec6 19. cxd5 Qxd5 20. Ba3 a5 21.
Nc4 Qd3 22. Qxd3 Nxd3 23. Bxf8 Kxf8 24. Rfd1 Ncb4 25. Ra1 Ke7 26. Nxa5 Rhc8 27.
Nb3 h6 28. h4 Rxa1 29. Rxa1 Nc6 30. Nc1 Ncxe5 31. Nxd3 Nxd3 32. Ra7+ Kf6 33. g4
Rc1+ 34. Kg2 Ne1+ 35. Kg3 Rc3 36. g5+ hxg5 37. hxg5+ Kg6 38. Ra5 Rxf3+ 39. Kg4
Rxf2 40. Re5 Nd3 41. Re3 Rd2 42. Rg3 Nb4 43. Rb3 Nd5 44. Rg3 Rf2 45. Kh4 Rh2+
46. Kg4 Rh5 47. Kf3 Rxg5 48. Rxg5+ Kxg5 49. Ke4 f5+ 50. Ke5 f4 51. Kxe6 f3 52.
Kxd5 f2 53. Ke5 f1=Q 54. Kd5 Qe2 55. Kd4 Kf4 56. Kd5 Qe5+ 57. Kc4 Ke4 58. Kb4
Qc7 59. Kb5 Kd5 60. Kb4 Qc4+ 61. Ka3 Qb5 62. Ka2 Kc4 63. Ka1 Kc3 64. Ka2 Qb2#
0-1

[Event "DEM U14w 2016"]
[Site "Willingen GER"]
[Date "2016.05.19"]
[Round "7"]
[White "Du, Jessica"]
[Black "Huppert, Anna"]
[Result "1-0"]
[Termination "normal"]
[Board "15"]
[WhiteElo "1520"]
[BlackElo "1029"]
[PlyCount "113"]
[WhiteFideId "12988529"]
[BlackFideId "16214439"]
[EventCountry "GER"]
[EventRounds "9"]
[EventType "swiss"]
[EventDate "2016.05.14"]

1. e4 e6 2. d4 d5 3. exd5 exd5 4. c4 Be6 5. Qb3 Nc6 6. Nf3 Qe7 7. Qe3 Nf6 8. b3
O-O-O 9. Bd3 Qd7 10. O-O dxc4 11. bxc4 Bg4 12. d5 Bxf3 13. Qxf3 Nd4 14. Qf4 Bc5
15. Be3 Nxd5 16. cxd5 Qxd5 17. Nc3 Qc6 18. Qe4 Qxe4 19. Bxe4 c6 20. Rad1 g6 21.
Bxd4 Bxd4 22. Ne2 f5 23. Bxf5+ gxf5 24. Nxd4 f4 25. Ne6 Rxd1 26. Rxd1 f3 27.
gxf3 Re8 28. Nc5 b6 29. Ne4 Rd8 30. Rxd8+ Kxd8 31. Kf1 Kc7 32. Ke2 c5 33. Kd3
Kc6 34. Kc3 b5 35. f4 c4 36. f5 Kd7 37. Kb4 h6 38. Kxb5 Ke7 39. Kxc4 a5 40. Kd5
Kf7 41. Kd6 h5 42. Ke5 h4 43. Ng5+ Ke7 44. f6+ Ke8 45. f7+ Ke7 46. Kf5 h3 47.
Kg6 a4 48. Kg7 Kd6 49. f8=Q+ Kd5 50. Qb4 Ke5 51. Qc4 a3 52. Kf7 Kd6 53. Qb5 Kc7
54. Qa6 Kd7 55. Qb6 Kc8 56. Qa7 Kd8 57. Ne6+ 1-0

[Event "DEM U14w 2016"]
[Site "Willingen GER"]
[Date "2016.05.20"]
[Round "8"]
[White "Kobald, Jacqueline"]
[Black "Schneider, Jana"]
[Result "0-1"]
[Termination "normal"]
[Board "1"]
[WhiteElo "1559"]
[BlackElo "2117"]
[WhiteClock "00:06:02"]
[BlackClock "00:45:32"]
[PlyCount "66"]
[WhiteFideId "12988162"]
[BlackFideId "12924997"]
[EventCountry "GER"]
[EventRounds "9"]
[EventType "swiss"]
[EventDate "2016.05.14"]

1. e4 e5 2. Nf3 Nc6 3. Bc4 Bc5 4. c3 Nf6 5. d4 exd4 6. e5 d5 7. Bb5 Ne4 8. cxd4
Bb4+ 9. Bd2 Bxd2+ 10. Nbxd2 Bd7 11. Bd3 Nxd2 12. Qxd2 O-O 13. O-O Bg4 14. Qf4
Bxf3 15. gxf3 Ne7 16. Kh1 Ng6 17. Qg3 f5 18. Rac1 c6 19. Rg1 Qb6 20. h4 Qxd4
21. h5 Qh4+ 22. Qxh4 Nxh4 23. f4 Nf3 24. Rg3 Nd4 25. Rcg1 Rf7 26. Rd1 Ne6 27.
Rf3 a6 28. Bc2 Re8 29. Kg2 g6 30. hxg6 hxg6 31. Kf1 Rh7 32. Ke2 Rh4 33. Kd3
Nxf4+ 0-1